Komparácia dôchodkových systémov vo vybraných krajinách Európskej únie

V krajinách Európskej únie starne populácia, čo vytvára tlak na udržateľnosť dôchodkových systémov. Dôležitým parametrom finančnej udržateľnosti dôchodkového systému je jeho neustále financovanie a vek odchodu do dôchodku. Z tohto dôvodu jednotlivé krajiny pristupujú pri ich reforme k úprave dôchodk...

Descrizione completa

Salvato in:
Dettagli Bibliografici
Autore principale: Sika, Peter, 1975-
Natura: Capitolo di libro
Lingua:slovacco
Soggetti:
Tags: Aggiungi Tag
Nessun Tag, puoi essere il primo ad aggiungerne!!

MARC

LEADER 00000naa a2200000 4500
001 0268700
005 20240502074218.5
041 0 |a slo 
044 |a SK 
245 1 0 |a Komparácia dôchodkových systémov vo vybraných krajinách Európskej únie  |c Peter Sika 
520 |a V krajinách Európskej únie starne populácia, čo vytvára tlak na udržateľnosť dôchodkových systémov. Dôležitým parametrom finančnej udržateľnosti dôchodkového systému je jeho neustále financovanie a vek odchodu do dôchodku. Z tohto dôvodu jednotlivé krajiny pristupujú pri ich reforme k úprave dôchodkových systémov. S rastúcou dĺžkou života a zvyšujúcim sa počtom starších ľudí je pochopiteľné, že s rastom týchto ukazovateľov sa vynakladá úsilie na úpravu dôchodkového veku, a tým na zlepšenie finančných aspektov udržateľnosti dôchodkového systému. 
610 2 0 |a Európska únia 
610 2 0 |a dôchodcovia 
610 2 0 |a dôchodky 
610 2 0 |a demografia 
610 2 0 |a dôchodky starobné 
610 2 0 |a solidarita 
100 1 |a Sika, Peter, 1975-